[Event "Baku Chess Olympiad | Open"]
[Site "chess24.com"]
[Date "2016.09.04"]
[Round "3"]
[White "Nguyen, Anh Khoi"]
[Black "Van Kampen, Robin"]
[Result "1/2-1/2"]
[Board "4"]
[WhiteID "12404675"]
[WhiteElo "2448"]
[WhiteTitle "FM"]
[WhiteCountry "VIE"]
[WhiteFideId "12404675"]
[WhiteEloChange "3"]
[BlackID "1020854"]
[BlackElo "2640"]
[BlackTitle "GM"]
[BlackCountry "NED"]
[BlackFideId "1020854"]
[BlackEloChange "-3"]

1. d4 {[%clk 1:30:56]} Nf6 {[%clk 1:30:52]} 2. c4 {[%clk 1:31:20]} e6 {[%clk
1:31:17]} 3. Nc3 {[%clk 1:31:39]} Bb4 {[%clk 1:31:40]} 4. Qc2 {[%clk 1:32:05]} d5
{[%clk 1:31:48]} 5. cxd5 {[%clk 1:32:27]} exd5 {[%clk 1:32:12]} 6. Bg5 {[%clk
1:32:45]} h6 {[%clk 1:32:13]} 7. Bh4 {[%clk 1:33:08]} g5 {[%clk 1:31:23]} 8. Bg3
{[%clk 1:33:30]} Nc6 {[%clk 1:31:47]} 9. e3 {[%clk 1:30:52]} h5 {[%clk 1:31:46]}
10. Bd3 {[%clk 1:17:40]} Qe7 {[%clk 1:25:17]} 11. Nf3 {[%clk 1:06:54]} h4 {[%clk
1:25:10]} 12. Be5 {[%clk 1:06:52]} g4 {[%clk 1:25:02]} 13. Nd2 {[%clk 1:03:04]}
Rh5 {[%clk 1:24:57]} 14. Bxf6 {[%clk 0:59:56]} Qxf6 {[%clk 1:25:14]} 15. a3
{[%clk 0:54:40]} Bxc3 {[%clk 1:23:25]} 16. Qxc3 {[%clk 0:52:56]} g3 {[%clk
0:58:31]} 17. hxg3 {[%clk 0:34:53]} hxg3 {[%clk 0:58:39]} 18. Rxh5 {[%clk
0:34:39]} Qxf2+ {[%clk 0:56:51]} 19. Kd1 {[%clk 0:35:07]} Bg4+ {[%clk 0:56:46]}
20. Kc2 {[%clk 0:35:30]} Bxh5 {[%clk 0:57:03]} 21. Rh1 {[%clk 0:35:53]} O-O-O
{[%clk 0:47:25]} 22. Rxh5 {[%clk 0:36:17]} Qxg2 {[%clk 0:47:43]} 23. Bf1 {[%clk
0:23:47]} Qxf1 {[%clk 0:46:54]} 24. Nxf1 {[%clk 0:24:09]} g2 {[%clk 0:47:22]} 25.
Qd3 {[%clk 0:22:32]} g1Q {[%clk 0:47:29]} 26. Qf5+ {[%clk 0:22:34]} Kb8 {[%clk
0:44:00]} 27. Qxf7 {[%clk 0:22:19]} 1/2-1/2

[Event "Baku Chess Olympiad | Open"]
[Site "chess24.com"]
[Date "2016.09.04"]
[Round "3"]
[White "Caruana, Fabiano"]
[Black "Peralta, Fernando"]
[Result "1-0"]
[Board "1"]
[WhiteID "2020009"]
[WhiteElo "2808"]
[WhiteTitle "GM"]
[WhiteCountry "USA"]
[WhiteFideId "2020009"]
[WhiteEloChange "2"]
[BlackID "105309"]
[BlackElo "2590"]
[BlackTitle "GM"]
[BlackCountry "ARG"]
[BlackFideId "105309"]
[BlackEloChange "-2"]

1. e4 {[%clk 1:30:56]} e6 {[%clk 1:30:55]} 2. d4 {[%clk 1:31:21]} d5 {[%clk
1:31:20]} 3. Nc3 {[%clk 1:31:48]} Nf6 {[%clk 1:31:44]} 4. e5 {[%clk 1:32:14]}
Nfd7 {[%clk 1:32:08]} 5. f4 {[%clk 1:32:39]} c5 {[%clk 1:32:33]} 6. Nf3 {[%clk
1:33:01]} Be7 {[%clk 1:32:32]} 7. Be3 {[%clk 1:33:08]} b6 {[%clk 1:32:30]} 8. Qd2
{[%clk 1:29:40]} Nc6 {[%clk 1:32:39]} 9. Nd1 {[%clk 1:28:35]} O-O {[%clk
1:29:24]} 10. c3 {[%clk 1:24:46]} a5 {[%clk 1:20:25]} 11. Bb5 {[%clk 1:16:26]}
Ndb8 {[%clk 1:17:07]} 12. Ba4 {[%clk 0:57:26]} Ba6 {[%clk 1:11:06]} 13. a3 {[%clk
0:56:49]} b5 {[%clk 0:38:38]} 14. Bc2 {[%clk 0:56:50]} Nd7 {[%clk 0:38:18]} 15.
h4 {[%clk 0:51:49]} cxd4 {[%clk 0:17:32]} 16. cxd4 {[%clk 0:51:51]} f5 {[%clk
0:17:43]} 17. g4 {[%clk 0:38:00]} Nb6 {[%clk 0:13:13]} 18. Qg2 {[%clk 0:37:55]}
Qd7 {[%clk 0:12:26]} 19. Bc1 {[%clk 0:32:34]} b4 {[%clk 0:07:34]} 20. gxf5 {[%clk
0:31:18]} exf5 {[%clk 0:07:44]} 21. Ne3 {[%clk 0:31:41]} bxa3 {[%clk 0:07:11]}
22. bxa3 {[%clk 0:31:38]} Bd8 {[%clk 0:06:21]} 23. Rg1 {[%clk 0:30:38]} Ra7
{[%clk 0:06:02]} 24. Qh3 {[%clk 0:28:32]} Ne7 {[%clk 0:05:57]} 25. Qg2 {[%clk
0:17:09]} Nc6 {[%clk 0:02:22]} 26. Rb1 {[%clk 0:15:37]} Nc4 {[%clk 0:02:19]} 27.
Nxc4 {[%clk 0:15:32]} Bxc4 {[%clk 0:02:27]} 28. Kf2 {[%clk 0:15:27]} a4 {[%clk
0:01:20]} 29. Bd2 {[%clk 0:13:14]} Qe7 {[%clk 0:00:57]} 30. Qh3 {[%clk 0:11:10]}
Qxa3 {[%clk 0:00:49]} 31. Bxf5 {[%clk 0:08:44]} Rxf5 {[%clk 0:00:32]} 32. Qxf5
{[%clk 0:09:05]} Qxf3+ {[%clk 0:00:59]} 33. Kxf3 {[%clk 0:09:30]} Nxd4+ {[%clk
0:01:27]} 34. Kg4 {[%clk 0:08:23]} Be2+ {[%clk 0:00:34]} 35. Kh3 {[%clk 0:08:48]}
Nxf5 {[%clk 0:01:00]} 36. Rb8 {[%clk 0:09:14]} Kf7 {[%clk 0:00:42]} 37. Rxd8
{[%clk 0:09:39]} a3 {[%clk 0:00:45]} 38. e6+ {[%clk 0:06:12]} Ke7 {[%clk
0:00:33]} 39. Rxd5 {[%clk 0:06:25]} a2 {[%clk 0:00:32]} 40. Rxf5 {[%clk 0:35:31]}
a1Q {[%clk 0:30:33]} 41. Rxa1 {[%clk 0:35:54]} Rxa1 {[%clk 0:31:00]} 42. Bb4+
{[%clk 0:36:18]} 1-0

[Event "Baku Chess Olympiad | Open"]
[Site "chess24.com"]
[Date "2016.09.04"]
[Round "3"]
[White "Ding, Liren"]
[Black "Leitao, Rafael"]
[Result "1/2-1/2"]
[Board "2"]
[WhiteID "8603677"]
[WhiteElo "2753"]
[WhiteTitle "GM"]
[WhiteCountry "CHN"]
[WhiteFideId "8603677"]
[WhiteEloChange "-2"]
[BlackID "2101246"]
[BlackElo "2616"]
[BlackTitle "GM"]
[BlackCountry "BRA"]
[BlackFideId "2101246"]
[BlackEloChange "2"]

1. d4 {[%clk 1:30:55]} Nf6 {[%clk 1:30:53]} 2. c4 {[%clk 1:31:22]} e6 {[%clk
1:31:16]} 3. Nf3 {[%clk 1:31:49]} Bb4+ {[%clk 1:31:31]} 4. Nbd2 {[%clk 1:31:58]}
O-O {[%clk 1:31:12]} 5. a3 {[%clk 1:32:24]} Be7 {[%clk 1:31:27]} 6. e4 {[%clk
1:32:50]} d6 {[%clk 1:31:07]} 7. Be2 {[%clk 1:33:07]} c5 {[%clk 1:25:38]} 8. d5
{[%clk 1:24:17]} e5 {[%clk 1:19:43]} 9. O-O {[%clk 1:21:34]} Nbd7 {[%clk
1:19:10]} 10. Ne1 {[%clk 1:14:51]} Ne8 {[%clk 1:17:25]} 11. Nd3 {[%clk 1:03:01]}
g6 {[%clk 1:09:16]} 12. b4 {[%clk 1:03:24]} b6 {[%clk 1:09:29]} 13. a4 {[%clk
1:03:34]} a5 {[%clk 1:07:08]} 14. bxa5 {[%clk 1:03:33]} bxa5 {[%clk 1:02:59]} 15.
Nb1 {[%clk 0:57:45]} Nc7 {[%clk 0:53:37]} 16. Nc3 {[%clk 0:55:19]} Na6 {[%clk
0:45:04]} 17. f4 {[%clk 0:48:33]} exf4 {[%clk 0:43:42]} 18. Bxf4 {[%clk 0:48:57]}
Nb4 {[%clk 0:43:26]} 19. Nb5 {[%clk 0:49:22]} Ra6 {[%clk 0:40:01]} 20. Bg4 {[%clk
0:44:07]} Bg5 {[%clk 0:20:02]} 21. Bxd6 {[%clk 0:33:17]} Rxd6 {[%clk 0:19:30]}
22. Nxd6 {[%clk 0:33:40]} Nxd3 {[%clk 0:19:37]} 23. Qxd3 {[%clk 0:31:59]} Ne5
{[%clk 0:19:12]} 24. Qg3 {[%clk 0:32:26]} Qxd6 {[%clk 0:14:06]} 25. Bxc8 {[%clk
0:32:44]} Bf6 {[%clk 0:14:06]} 26. Qf4 {[%clk 0:12:26]} Bg7 {[%clk 0:11:07]} 27.
Bg4 {[%clk 0:12:42]} Nxc4 {[%clk 0:11:07]} 28. e5 {[%clk 0:13:03]} Nxe5 {[%clk
0:11:03]} 29. Be2 {[%clk 0:12:38]} Qxd5 {[%clk 0:07:32]} 30. Rfd1 {[%clk
0:10:45]} Qe6 {[%clk 0:07:22]} 31. Rac1 {[%clk 0:11:01]} Rc8 {[%clk 0:05:00]} 32.
Bc4 {[%clk 0:11:12]} Qe7 {[%clk 0:02:42]} 33. Qe4 {[%clk 0:07:57]} h5 {[%clk
0:02:04]} 34. Rf1 {[%clk 0:07:25]} Rc7 {[%clk 0:01:55]} 35. Rce1 {[%clk 0:07:44]}
Qd8 {[%clk 0:01:53]} 36. Rd1 {[%clk 0:07:24]} Rd7 {[%clk 0:01:52]} 37. Rxd7
{[%clk 0:03:15]} Qxd7 {[%clk 0:02:18]} 38. Be2 {[%clk 0:03:22]} Qc7 {[%clk
0:01:23]} 39. Bc4 {[%clk 0:02:19]} Qd7 {[%clk 0:01:12]} 40. h3 {[%clk 0:31:54]}
Kh7 {[%clk 0:31:14]} 41. Bb5 {[%clk 0:30:44]} Qd2 {[%clk 0:28:46]} 42. Kh1 {[%clk
0:27:03]} Qb4 {[%clk 0:11:43]} 43. Qxb4 {[%clk 0:22:47]} cxb4 {[%clk 0:12:08]}
44. Kg1 {[%clk 0:23:13]} f5 {[%clk 0:09:18]} 45. Kf2 {[%clk 0:22:25]} f4 {[%clk
0:09:02]} 46. Ke2 {[%clk 0:20:25]} g5 {[%clk 0:09:18]} 47. h4 {[%clk 0:15:15]}
Kh6 {[%clk 0:09:14]} 48. hxg5+ {[%clk 0:13:20]} Kxg5 {[%clk 0:09:39]} 49. Rc1
{[%clk 0:13:16]} h4 {[%clk 0:08:25]} 50. Bc6 {[%clk 0:11:34]} b3 {[%clk 0:04:49]}
51. Be4 {[%clk 0:11:26]} b2 {[%clk 0:04:58]} 52. Rc5 {[%clk 0:11:46]} f3+ {[%clk
0:04:39]} 53. gxf3 {[%clk 0:11:27]} Kf4 {[%clk 0:04:46]} 54. Rb5 {[%clk 0:07:18]}
h3 {[%clk 0:03:17]} 55. Rxb2 {[%clk 0:07:44]} Nxf3 {[%clk 0:02:38]} 56. Rb7
{[%clk 0:07:34]} Kxe4 {[%clk 0:01:59]} 57. Rxg7 {[%clk 0:08:01]} Nd4+ {[%clk
0:02:07]} 58. Kf2 {[%clk 0:08:22]} Kd3 {[%clk 0:00:48]} 59. Rh7 {[%clk 0:06:15]}
Kc4 {[%clk 0:00:42]} 60. Rh4 {[%clk 0:06:28]} h2 {[%clk 0:00:38]} 61. Ke3 {[%clk
0:06:39]} h1Q {[%clk 0:00:39]} 62. Rxh1 {[%clk 0:07:06]} Ne6 {[%clk 0:00:52]} 63.
Rc1+ {[%clk 0:02:27]} Kb4 {[%clk 0:01:08]} 64. Rb1+ {[%clk 0:02:53]} Kc4 {[%clk
0:00:36]} 65. Rb5 {[%clk 0:02:28]} Nc5 {[%clk 0:00:54]} 66. Rxa5 {[%clk 0:02:54]}
Kb4 {[%clk 0:01:12]} 67. Rb5+ {[%clk 0:03:19]} Kc4 {[%clk 0:01:38]} 68. Ra5
{[%clk 0:03:20]} Kb4 {[%clk 0:02:04]} 69. Ra8 {[%clk 0:03:46]} Nxa4 {[%clk
0:02:26]} 70. Kd4 {[%clk 0:04:12]} Kb5 {[%clk 0:02:47]} 71. Rxa4 {[%clk 0:04:35]}
1/2-1/2

[Event "Baku Chess Olympiad | Open"]
[Site "chess24.com"]
[Date "2016.09.04"]
[Round "3"]
[White "Lenic, Luka"]
[Black "Marciano, David"]
[Result "1-0"]
[Board "1"]
[WhiteID "14603853"]
[WhiteElo "2622"]
[WhiteTitle "GM"]
[WhiteCountry "SLO"]
[WhiteFideId "14603853"]
[WhiteEloChange "3"]
[BlackID "600423"]
[BlackElo "2475"]
[BlackTitle "GM"]
[BlackCountry "MNC"]
[BlackFideId "600423"]
[BlackEloChange "-3"]

1. Nf3 {[%clk 1:30:48]} d5 {[%clk 1:30:56]} 2. g3 {[%clk 1:31:10]} c6 {[%clk
1:31:12]} 3. Bg2 {[%clk 1:31:33]} Bg4 {[%clk 1:31:35]} 4. O-O {[%clk 1:31:40]} e6
{[%clk 1:31:47]} 5. c4 {[%clk 1:29:05]} Nd7 {[%clk 1:32:09]} 6. cxd5 {[%clk
1:26:41]} exd5 {[%clk 1:28:19]} 7. Qb3 {[%clk 1:20:38]} Qb6 {[%clk 1:21:32]} 8.
Qc2 {[%clk 1:20:33]} Ngf6 {[%clk 1:20:14]} 9. d3 {[%clk 1:14:47]} Bd6 {[%clk
1:19:44]} 10. Nc3 {[%clk 1:11:20]} O-O {[%clk 1:18:06]} 11. e4 {[%clk 1:10:35]}
dxe4 {[%clk 1:06:25]} 12. dxe4 {[%clk 1:10:53]} Ne5 {[%clk 1:06:18]} 13. Nxe5
{[%clk 1:04:22]} Bxe5 {[%clk 1:06:44]} 14. Be3 {[%clk 0:59:45]} Bd4 {[%clk
1:01:16]} 15. Na4 {[%clk 0:46:23]} Qb4 {[%clk 1:01:41]} 16. Bxd4 {[%clk 0:44:53]}
Qxd4 {[%clk 1:02:05]} 17. h3 {[%clk 0:44:59]} Be2 {[%clk 0:53:06]} 18. Qxe2
{[%clk 0:43:39]} Qxa4 {[%clk 0:53:31]} 19. e5 {[%clk 0:43:53]} Rfe8 {[%clk
0:51:13]} 20. Rfd1 {[%clk 0:43:18]} Qa5 {[%clk 0:48:36]} 21. f4 {[%clk 0:43:37]}
Nd5 {[%clk 0:48:05]} 22. Qd2 {[%clk 0:39:38]} Qb6+ {[%clk 0:43:53]} 23. Qd4
{[%clk 0:39:59]} Ne3 {[%clk 0:36:14]} 24. Qxb6 {[%clk 0:39:24]} axb6 {[%clk
0:36:38]} 25. Rd7 {[%clk 0:36:08]} Red8 {[%clk 0:37:03]} 26. Rxb7 {[%clk
0:36:30]} Nxg2 {[%clk 0:37:29]} 27. Kxg2 {[%clk 0:36:57]} Rd2+ {[%clk 0:37:50]}
28. Kf3 {[%clk 0:37:20]} Rxb2 {[%clk 0:38:12]} 29. Rd1 {[%clk 0:36:32]} h5 {[%clk
0:38:00]} 30. g4 {[%clk 0:19:30]} g6 {[%clk 0:31:27]} 31. gxh5 {[%clk 0:14:32]}
Ra3+ {[%clk 0:31:51]} 32. Ke4 {[%clk 0:14:58]} Re2+ {[%clk 0:19:11]} 33. Kd4
{[%clk 0:15:25]} Ra4+ {[%clk 0:19:32]} 34. Kd3 {[%clk 0:12:30]} Rexa2 {[%clk
0:19:58]} 35. hxg6 {[%clk 0:11:05]} R2a3+ {[%clk 0:19:17]} 36. Kc2 {[%clk
0:09:17]} Ra2+ {[%clk 0:19:32]} 37. Kd3 {[%clk 0:07:42]} R2a3+ {[%clk 0:19:58]}
38. Ke2 {[%clk 0:03:26]} Rxf4 {[%clk 0:09:55]} 39. Rdd7 {[%clk 0:02:47]} Raf3
{[%clk 0:07:58]} 40. gxf7+ {[%clk 0:32:46]} Rxf7 {[%clk 0:38:14]} 41. e6 {[%clk
0:29:50]} Rf2+ {[%clk 0:36:34]} 42. Ke3 {[%clk 0:29:41]} R7f3+ {[%clk 0:37:03]}
43. Ke4 {[%clk 0:29:44]} Rf4+ {[%clk 0:35:01]} 44. Ke5 {[%clk 0:29:43]} Rf5+
{[%clk 0:35:30]} 45. Kd6 {[%clk 0:29:56]} Rd2+ {[%clk 0:35:48]} 46. Kc7 {[%clk
0:26:27]} Re2 {[%clk 0:36:13]} 47. e7 {[%clk 0:25:26]} Kf7 {[%clk 0:36:41]} 48.
e8Q+ {[%clk 0:25:37]} 1-0

[Event "Baku Chess Olympiad | Open"]
[Site "chess24.com"]
[Date "2016.09.04"]
[Round "3"]
[White "Deac, Bogdan-Daniel"]
[Black "Tari, Aryan"]
[Result "1-0"]
[Board "3"]
[WhiteID "1226380"]
[WhiteElo "2524"]
[WhiteTitle "IM"]
[WhiteCountry "ROU"]
[WhiteFideId "1226380"]
[WhiteEloChange "6"]
[BlackID "1510045"]
[BlackElo "2570"]
[BlackTitle "GM"]
[BlackCountry "NOR"]
[BlackFideId "1510045"]
[BlackEloChange "-6"]

1. e4 {[%clk 1:30:58]} c6 {[%clk 1:30:14]} 2. d4 {[%clk 1:31:09]} d5 {[%clk
1:30:35]} 3. Nd2 {[%clk 1:31:38]} dxe4 {[%clk 1:30:58]} 4. Nxe4 {[%clk 1:32:04]}
Bf5 {[%clk 1:31:21]} 5. Ng3 {[%clk 1:32:21]} Bg6 {[%clk 1:31:50]} 6. h4 {[%clk
1:32:33]} h6 {[%clk 1:32:13]} 7. Nf3 {[%clk 1:32:59]} e6 {[%clk 1:31:50]} 8. Ne5
{[%clk 1:30:29]} Bh7 {[%clk 1:31:14]} 9. Bd3 {[%clk 1:30:47]} Bxd3 {[%clk
1:31:13]} 10. Qxd3 {[%clk 1:31:12]} Nd7 {[%clk 1:30:57]} 11. f4 {[%clk 1:30:29]}
c5 {[%clk 1:28:26]} 12. Be3 {[%clk 1:23:28]} Nxe5 {[%clk 1:27:24]} 13. fxe5
{[%clk 1:23:03]} cxd4 {[%clk 1:27:43]} 14. Bxd4 {[%clk 1:23:26]} Ne7 {[%clk
1:23:16]} 15. O-O-O {[%clk 1:21:17]} Qd5 {[%clk 1:22:35]} 16. Rhf1 {[%clk
0:38:01]} Nc6 {[%clk 1:18:15]} 17. Bc3 {[%clk 0:37:20]} Qxd3 {[%clk 1:12:53]} 18.
Rxd3 {[%clk 0:37:38]} Be7 {[%clk 1:07:56]} 19. Ne4 {[%clk 0:33:25]} O-O {[%clk
0:52:15]} 20. Rd7 {[%clk 0:28:04]} b5 {[%clk 0:50:57]} 21. Nd6 {[%clk 0:27:44]}
Bxh4 {[%clk 0:34:36]} 22. Nxb5 {[%clk 0:19:17]} Bg3 {[%clk 0:33:42]} 23. Rf3
{[%clk 0:09:07]} Bxe5 {[%clk 0:21:47]} 24. Nxa7 {[%clk 0:09:11]} Bxc3 {[%clk
0:21:08]} 25. Nxc6 {[%clk 0:09:27]} Bf6 {[%clk 0:21:21]} 26. a3 {[%clk 0:05:23]}
e5 {[%clk 0:21:11]} 27. b4 {[%clk 0:04:54]} e4 {[%clk 0:19:26]} 28. Rb3 {[%clk
0:05:16]} Bg5+ {[%clk 0:19:43]} 29. Kd1 {[%clk 0:04:39]} f5 {[%clk 0:19:51]} 30.
Nd4 {[%clk 0:01:08]} f4 {[%clk 0:16:13]} 31. b5 {[%clk 0:00:35]} Bh4 {[%clk
0:02:55]} 32. b6 {[%clk 0:00:36]} g5 {[%clk 0:02:50]} 33. b7 {[%clk 0:00:52]}
Rae8 {[%clk 0:03:20]} 34. Rb6 {[%clk 0:00:41]} f3 {[%clk 0:02:38]} 35. gxf3
{[%clk 0:00:38]} exf3 {[%clk 0:00:58]} 36. Nxf3 {[%clk 0:00:54]} Rxf3 {[%clk
0:00:34]} 37. b8Q {[%clk 0:01:18]} Rf1+ {[%clk 0:00:34]} 38. Kd2 {[%clk 0:01:41]}
Rf2+ {[%clk 0:00:35]} 39. Kd3 {[%clk 0:02:05]} 1-0

[Event "Baku Chess Olympiad | Open"]
[Site "chess24.com"]
[Date "2016.09.04"]
[Round "3"]
[White "Stevic, Hrvoje"]
[Black "Ismagambetov, Anuar"]
[Result "1/2-1/2"]
[Board "3"]
[WhiteID "14502569"]
[WhiteElo "2608"]
[WhiteTitle "GM"]
[WhiteCountry "CRO"]
[WhiteFideId "14502569"]
[WhiteEloChange "-1"]
[BlackID "13701525"]
[BlackElo "2542"]
[BlackTitle "GM"]
[BlackCountry "KAZ"]
[BlackFideId "13701525"]
[BlackEloChange "1"]

1. e4 {[%clk 1:30:55]} c6 {[%clk 1:30:31]} 2. Nc3 {[%clk 1:30:48]} d5 {[%clk
1:30:27]} 3. Nf3 {[%clk 1:31:06]} Nf6 {[%clk 1:27:59]} 4. e5 {[%clk 1:31:10]} Ne4
{[%clk 1:28:18]} 5. Ne2 {[%clk 1:30:40]} Qb6 {[%clk 1:28:35]} 6. d4 {[%clk
1:31:03]} e6 {[%clk 1:29:01]} 7. Nfg1 {[%clk 1:30:51]} f6 {[%clk 1:28:12]} 8. f3
{[%clk 1:31:01]} Ng5 {[%clk 1:28:36]} 9. exf6 {[%clk 1:31:20]} gxf6 {[%clk
1:29:01]} 10. f4 {[%clk 1:31:41]} Nf7 {[%clk 1:27:26]} 11. Nf3 {[%clk 1:31:15]}
Be7 {[%clk 1:20:29]} 12. c3 {[%clk 0:58:04]} Bd7 {[%clk 1:12:13]} 13. Qb3 {[%clk
0:54:14]} c5 {[%clk 1:05:13]} 14. Be3 {[%clk 0:53:58]} Nc6 {[%clk 1:03:25]} 15.
g3 {[%clk 0:52:18]} Na5 {[%clk 0:53:22]} 16. Qxb6 {[%clk 0:51:55]} axb6 {[%clk
0:50:56]} 17. Nd2 {[%clk 0:52:23]} Nd6 {[%clk 0:44:07]} 18. b3 {[%clk 0:50:28]}
c4 {[%clk 0:43:04]} 19. Rb1 {[%clk 0:35:01]} b5 {[%clk 0:40:30]} 20. Bg2 {[%clk
0:34:41]} cxb3 {[%clk 0:38:55]} 21. axb3 {[%clk 0:35:02]} b4 {[%clk 0:38:59]} 22.
Ra1 {[%clk 0:17:38]} O-O {[%clk 0:36:20]} 23. Kf2 {[%clk 0:16:56]} b5 {[%clk
0:29:17]} 24. Rhc1 {[%clk 0:11:24]} Kg7 {[%clk 0:24:06]} 25. c4 {[%clk 0:03:04]}
bxc4 {[%clk 0:21:48]} 26. bxc4 {[%clk 0:03:33]} b3 {[%clk 0:21:31]} 27. Rxa5
{[%clk 0:03:58]} b2 {[%clk 0:16:40]} 28. Rxa8 {[%clk 0:04:24]} bxc1Q {[%clk
0:17:00]} 29. Nxc1 {[%clk 0:04:52]} Rxa8 {[%clk 0:17:22]} 30. cxd5 {[%clk
0:05:19]} Ra3 {[%clk 0:15:13]} 31. dxe6 {[%clk 0:03:55]} Bxe6 {[%clk 0:14:18]}
32. d5 {[%clk 0:04:19]} Nf5 {[%clk 0:10:48]} 33. Bb6 {[%clk 0:01:50]} Ra6 {[%clk
0:10:32]} 34. dxe6 {[%clk 0:01:17]} Rxb6 {[%clk 0:10:59]} 35. Ncb3 {[%clk
0:01:32]} Nh6 {[%clk 0:10:40]} 36. Bd5 {[%clk 0:01:08]} Ng4+ {[%clk 0:09:11]} 37.
Ke2 {[%clk 0:01:28]} Nxh2 {[%clk 0:09:04]} 38. Nd4 {[%clk 0:01:52]} Kf8 {[%clk
0:08:26]} 39. Nc4 {[%clk 0:01:46]} Ra6 {[%clk 0:07:32]} 40. Ne3 {[%clk 0:31:59]}
Bc5 {[%clk 0:33:05]} 41. Nef5 {[%clk 0:24:21]} Bxd4 {[%clk 0:32:13]} 42. Nxd4
{[%clk 0:24:44]} Ra5 {[%clk 0:31:56]} 43. Be4 {[%clk 0:20:32]} Ra4 {[%clk
0:24:34]} 44. Kd3 {[%clk 0:20:43]} Ke7 {[%clk 0:22:08]} 45. Bxh7 {[%clk 0:20:04]}
Ra3+ {[%clk 0:18:36]} 46. Ke2 {[%clk 0:09:53]} Ra4 {[%clk 0:18:03]} 47. Kd3
{[%clk 0:09:37]} Ra3+ {[%clk 0:18:26]} 48. Ke2 {[%clk 0:09:56]} Ra4 {[%clk
0:15:27]} 1/2-1/2

[Event "Baku Chess Olympiad | Open"]
[Site "chess24.com"]
[Date "2016.09.04"]
[Round "3"]
[White "Batchuluun, Tsegmed"]
[Black "Nezad, Husein Aziz"]
[Result "1/2-1/2"]
[Board "3"]
[WhiteID "4900847"]
[WhiteElo "2513"]
[WhiteTitle "GM"]
[WhiteCountry "MGL"]
[WhiteFideId "4900847"]
[WhiteEloChange "-1"]
[BlackID "12100293"]
[BlackElo "2427"]
[BlackTitle "IM"]
[BlackCountry "QAT"]
[BlackFideId "12100293"]
[BlackEloChange "1"]

1. d4 {[%clk 1:30:55]} Nf6 {[%clk 1:30:51]} 2. c4 {[%clk 1:31:17]} g6 {[%clk
1:31:14]} 3. Nc3 {[%clk 1:31:31]} Bg7 {[%clk 1:31:33]} 4. e4 {[%clk 1:31:55]} d6
{[%clk 1:31:48]} 5. f3 {[%clk 1:30:05]} O-O {[%clk 1:31:57]} 6. Be3 {[%clk
1:30:28]} c5 {[%clk 1:32:11]} 7. dxc5 {[%clk 1:29:51]} dxc5 {[%clk 1:32:33]} 8.
Qxd8 {[%clk 1:30:05]} Rxd8 {[%clk 1:32:56]} 9. Bxc5 {[%clk 1:30:29]} Nc6 {[%clk
1:33:19]} 10. Nge2 {[%clk 1:30:03]} Nd7 {[%clk 1:32:32]} 11. Be3 {[%clk 1:30:25]}
Nde5 {[%clk 1:32:28]} 12. Nf4 {[%clk 1:30:47]} Na5 {[%clk 1:31:02]} 13. Nfd5
{[%clk 1:30:27]} Nexc4 {[%clk 1:30:28]} 14. Nxe7+ {[%clk 1:30:37]} Kh8 {[%clk
1:29:13]} 15. Bg5 {[%clk 1:27:55]} Be6 {[%clk 1:25:45]} 16. Rc1 {[%clk 1:25:17]}
h6 {[%clk 1:17:12]} 17. Bf4 {[%clk 1:08:33]} Nxb2 {[%clk 1:08:04]} 18. Ncd5
{[%clk 1:08:01]} Bxd5 {[%clk 0:59:57]} 19. Nxd5 {[%clk 1:07:23]} Rac8 {[%clk
1:00:20]} 20. Rxc8 {[%clk 1:00:00]} Rxc8 {[%clk 0:59:59]} 21. Kd2 {[%clk
0:59:24]} Nac4+ {[%clk 0:57:14]} 22. Bxc4 {[%clk 0:59:41]} Nxc4+ {[%clk 0:57:43]}
23. Ke2 {[%clk 0:59:44]} Rc6 {[%clk 0:48:59]} 24. Rc1 {[%clk 0:56:34]} Ne5 {[%clk
0:45:11]} 25. Rxc6 {[%clk 0:55:13]} Nxc6 {[%clk 0:45:39]} 26. Kd3 {[%clk
0:46:46]} Kg8 {[%clk 0:41:24]} 27. Bd6 {[%clk 0:42:00]} h5 {[%clk 0:33:38]} 28.
f4 {[%clk 0:21:10]} Bb2 {[%clk 0:30:59]} 29. Kc4 {[%clk 0:18:48]} Kg7 {[%clk
0:27:49]} 30. Ne7 {[%clk 0:17:14]} Nxe7 {[%clk 0:21:34]} 31. Bxe7 {[%clk
0:17:38]} Bc1 {[%clk 0:21:33]} 32. f5 {[%clk 0:07:45]} gxf5 {[%clk 0:21:31]} 33.
exf5 {[%clk 0:08:11]} f6 {[%clk 0:21:34]} 34. Bc5 {[%clk 0:08:26]} a6 {[%clk
0:20:54]} 35. Kd5 {[%clk 0:08:44]} Kf7 {[%clk 0:20:19]} 36. g3 {[%clk 0:04:46]}
Bh6 {[%clk 0:17:27]} 37. h3 {[%clk 0:03:57]} Bg7 {[%clk 0:17:35]} 38. Bd6 {[%clk
0:02:15]} Bh6 {[%clk 0:17:44]} 39. Bb4 {[%clk 0:02:23]} Bg7 {[%clk 0:17:15]} 40.
Bd6 {[%clk 0:30:34]} Bh6 {[%clk 0:47:26]} 41. Bb4 {[%clk 0:29:52]} Bg7 {[%clk
0:47:37]} 42. a3 {[%clk 0:30:19]} Bh6 {[%clk 0:46:44]} 43. Kd6 {[%clk 0:22:33]}
a5 {[%clk 0:46:30]} 44. Bc5 {[%clk 0:19:47]} b6 {[%clk 0:46:26]} 45. Bxb6 {[%clk
0:20:12]} Bf8+ {[%clk 0:46:50]} 46. Kc6 {[%clk 0:20:23]} Bxa3 {[%clk 0:47:00]}
47. Bxa5 {[%clk 0:20:46]} Bc1 {[%clk 0:45:11]} 48. Bb4 {[%clk 0:20:06]} Be3
{[%clk 0:45:05]} 49. Kd5 {[%clk 0:20:26]} Bc1 {[%clk 0:45:01]} 50. Ke4 {[%clk
0:20:22]} Bb2 {[%clk 0:44:03]} 51. Kf3 {[%clk 0:20:26]} Kg7 {[%clk 0:44:13]} 52.
Bd2 {[%clk 0:20:35]} Be5 {[%clk 0:44:10]} 53. g4 {[%clk 0:20:54]} hxg4+ {[%clk
0:44:18]} 54. Kxg4 {[%clk 0:21:20]} Bd4 {[%clk 0:42:56]} 55. h4 {[%clk 0:21:44]}
Be5 {[%clk 0:43:11]} 56. h5 {[%clk 0:22:08]} Bd4 {[%clk 0:43:08]} 57. Kf3 {[%clk
0:22:33]} Bb2 {[%clk 0:42:39]} 58. Ke4 {[%clk 0:22:58]} Be5 {[%clk 0:41:46]} 59.
Kd5 {[%clk 0:23:23]} Bb2 {[%clk 0:37:35]} 60. Ke6 {[%clk 0:23:48]} Bd4 {[%clk
0:37:49]} 61. Bc1 {[%clk 0:22:52]} Bc3 {[%clk 0:37:59]} 62. Be3 {[%clk 0:23:17]}
Bb2 {[%clk 0:38:12]} 63. Bf2 {[%clk 0:22:02]} Kh6 {[%clk 0:36:00]} 64. Bh4 {[%clk
0:22:25]} Kxh5 {[%clk 0:36:24]} 65. Bxf6 {[%clk 0:22:51]} Bc1 {[%clk 0:32:15]}
66. Be7 {[%clk 0:21:58]} Bd2 {[%clk 0:28:28]} 67. f6 {[%clk 0:22:03]} Kg6 {[%clk
0:27:39]} 68. Bf8 {[%clk 0:21:54]} Be3 {[%clk 0:26:19]} 69. f7 {[%clk 0:21:58]}
Bd2 {[%clk 0:26:12]} 70. Ke7 {[%clk 0:22:02]} Be3 {[%clk 0:24:33]} 71. Ke8 {[%clk
0:22:17]} Bd2 {[%clk 0:23:58]} 72. Bg7 {[%clk 0:21:59]} Bb4 {[%clk 0:24:19]} 73.
Bc3 {[%clk 0:22:20]} Bc5 {[%clk 0:23:48]} 74. Be1 {[%clk 0:22:21]} Kf6 {[%clk
0:23:32]} 75. Bh4+ {[%clk 0:22:40]} Ke6 {[%clk 0:23:24]} 76. Bg5 {[%clk 0:23:07]}
Bb4 {[%clk 0:22:43]} 77. Bh6 {[%clk 0:23:31]} Bc5 {[%clk 0:22:05]} 78. Bf8 {[%clk
0:23:55]} Be3 {[%clk 0:22:16]} 79. Bb4 {[%clk 0:24:12]} Bh6 {[%clk 0:22:38]} 80.
Bc3 {[%clk 0:24:39]} Kf5 {[%clk 0:21:58]} 81. Ke7 {[%clk 0:24:22]} Kg6 {[%clk
0:20:41]} 82. Bb4 {[%clk 0:23:53]} Kf5 {[%clk 0:19:23]} 83. Bd6 {[%clk 0:24:07]}
Bg7 {[%clk 0:19:25]} 84. Bc5 {[%clk 0:23:04]} Bh6 {[%clk 0:19:42]} 85. Bd4 {[%clk
0:23:26]} Kg6 {[%clk 0:19:47]} 86. Ke6 {[%clk 0:23:52]} Bf8 {[%clk 0:19:50]} 87.
Bf6 {[%clk 0:24:19]} Bh6 {[%clk 0:19:41]} 88. Be7 {[%clk 0:24:41]} Bg7 {[%clk
0:19:48]} 89. f8Q {[%clk 0:24:53]} Bxf8 {[%clk 0:19:48]} 1/2-1/2